Reagents for organic synthesis (Record no. 661)

MARC details
000 -LEADER
fixed length control field 00674 a2200205 4500
001 - CONTROL NUMBER
control field 066622
003 - CONTROL NUMBER IDENTIFIER
control field OSt
005 - DATE AND TIME OF LATEST TRANSACTION
control field 20211004154419.0
008 - FIXED-LENGTH DATA ELEMENTS--GENERAL INFORMATION
fixed length control field
082 ## - DEWEY DECIMAL CLASSIFICATION NUMBER
Classification number 547.2
Item number F46R
100 1# - MAIN ENTRY--PERSONAL NAME
Personal name Fiesar, Louis F.
245 1# - TITLE STATEMENT
Title Reagents for organic synthesis
Statement of responsibility, etc by Louis F. Fiesar and Mary Fiesar
260 ## - PUBLICATION, DISTRIBUTION, ETC. (IMPRINT)
Place of publication, distribution, etc New Delhi
Name of publisher, distributor, etc Wiley
Date of publication, distribution, etc 2007
300 ## - PHYSICAL DESCRIPTION
Extent 25v. (v.1: 1457; v.2: 538; v.3: 401; v.4: 660; v.5: 864; v.6: 765; v.7: 487
500 ## - GENERAL NOTE
General note 908 v.1; 909 v.2; 910 v.3; 911 v.4; 912 v.5; 913 v.6; 914 v.7
630 ## - SUBJECT ADDED ENTRY--UNIFORM TITLE
Uniform title Chemistry
690 ## - LOCAL SUBJECT ADDED ENTRY--TOPICAL TERM (OCLC, RLIN)
Topical term or geographic name as entry element Organic compounds--Synthesis; Chemical tests and reagents
700 ## - ADDED ENTRY--PERSONAL NAME
Personal name Fiesar, Mary
942 ## - ADDED ENTRY ELEMENTS (KOHA)
Source of classification or shelving scheme Dewey Decimal Classification
Koha item type Books
Holdings
Withdrawn status Lost status Damaged status Not for loan Collection code Home library Current library Date acquired Source of acquisition Cost, normal purchase price Full call number Barcode Date last seen Price effective from Koha item type
        General Text Book Central University Of Rajasthan Central University Of Rajasthan 07/03/2012 CHM 0.00 547.2 F46R 914 21/11/2024 02/09/2020 Books
        General Text Book Central University Of Rajasthan Central University Of Rajasthan 07/03/2012 CHM 0.00 547.2 F46R 910 21/11/2024 02/09/2020 Books
        General Text Book Central University Of Rajasthan Central University Of Rajasthan 07/03/2012 CHM 0.00 547.2 F46R 911 21/11/2024 02/09/2020 Books
        General Text Book Central University Of Rajasthan Central University Of Rajasthan 07/03/2012 CHM 0.00 547.2 F46R 912 21/11/2024 02/09/2020 Books
        General Text Book Central University Of Rajasthan Central University Of Rajasthan 07/03/2012 CHM 0.00 547.2 F46R 913 21/11/2024 02/09/2020 Books
        General Text Book Central University Of Rajasthan Central University Of Rajasthan 07/03/2012 CHM 0.00 547.2 F46R 908 21/11/2024 02/09/2020 Books
        General Text Book Central University Of Rajasthan Central University Of Rajasthan 07/03/2012 CHM 0.00 547.2 F46R 909 21/11/2024 02/09/2020 Books